<?xml version="1.0" encoding="UTF-8"?>
<collection xmlns:xsi="http://www.w3.org/2001/XMLSchema-instance" xsi:schemaLocation="http://www.loc.gov/MARC21/slim http://www.loc.gov/standards/marcxml/schema/MARC21slim.xsd" xmlns="http://www.loc.gov/MARC21/slim">
 <record>
  <leader>00000nam a2200000 i 4500</leader>
  <controlfield tag="001">UP-1685474870047049047</controlfield>
  <controlfield tag="003">Buklod</controlfield>
  <controlfield tag="005">20230623092441.0</controlfield>
  <controlfield tag="006">m     o  j        </controlfield>
  <controlfield tag="007">ta</controlfield>
  <controlfield tag="008">230623t20162016nju   a     b 001 0 eng  </controlfield>
  <datafield tag="020" ind1=" " ind2=" ">
   <subfield code="a">9781617119163 (alk. paper)</subfield>
  </datafield>
  <datafield tag="035" ind1=" " ind2=" ">
   <subfield code="a">18804308</subfield>
  </datafield>
  <datafield tag="037" ind1=" " ind2=" ">
   <subfield code="a">CHK-6126</subfield>
   <subfield code="b">Megatexts Phils., Inc.</subfield>
   <subfield code="c">Php 5,850.00</subfield>
  </datafield>
  <datafield tag="040" ind1=" " ind2=" ">
   <subfield code="a">DLC</subfield>
   <subfield code="d">DCHK</subfield>
   <subfield code="e">rda</subfield>
  </datafield>
  <datafield tag="041" ind1=" " ind2=" ">
   <subfield code="a">eng</subfield>
  </datafield>
  <datafield tag="042" ind1=" " ind2=" ">
   <subfield code="a">DMLUC</subfield>
  </datafield>
  <datafield tag="090" ind1=" " ind2=" ">
   <subfield code="a">RD 97</subfield>
   <subfield code="b">E65 2016</subfield>
  </datafield>
  <datafield tag="245" ind1="0" ind2="0">
   <subfield code="a">Epidemiology for athletic trainers</subfield>
   <subfield code="b">integrating evidence-based practice</subfield>
   <subfield code="c">[editors], Melanie Adams, PhD, CSCS, AT-Ret, Assistant Professor, Physical Education Department, Keene State College, Keene, New Hampshire, Wanda Swiger, EdD, ATC, CES,      Associate Professor, Athletic Training Program Director, Physical Education Department, Keene State College, Keene, New Hampshire.</subfield>
  </datafield>
  <datafield tag="264" ind1=" " ind2="1">
   <subfield code="a">Thorofare, NJ</subfield>
   <subfield code="b">SLACK Incorporated</subfield>
   <subfield code="c">2016.</subfield>
  </datafield>
  <datafield tag="300" ind1=" " ind2=" ">
   <subfield code="a">xvii, 278 pages</subfield>
   <subfield code="c">26  cm</subfield>
  </datafield>
  <datafield tag="336" ind1=" " ind2=" ">
   <subfield code="a">text</subfield>
   <subfield code="2">rdacontent</subfield>
  </datafield>
  <datafield tag="337" ind1=" " ind2=" ">
   <subfield code="a">unmediated</subfield>
   <subfield code="2">rdamedia</subfield>
  </datafield>
  <datafield tag="338" ind1=" " ind2=" ">
   <subfield code="a">volume</subfield>
   <subfield code="2">rdacarrier</subfield>
  </datafield>
  <datafield tag="504" ind1=" " ind2=" ">
   <subfield code="a">Includes bibliographical references and index.</subfield>
  </datafield>
  <datafield tag="505" ind1="0" ind2="0">
   <subfield code="a">Epidemiology and the leading causes of death / Melanie Adams -- Epidemiology and physical activity / Jeffrey Timmer -- Statistics for clinical epidemiology / Ashley S. Long and Melanie Adams -- Injury surveillance systems / Wanda Swiger -- Evidence-based practice / Thomas Cappaert -- Sport-related concussion / Johna K. Register-Mihalik -- Sudden death in sport / Brendon P. Mcdermott and William M. Adams -- Musculoskeletal injuries in sport / Ashley S. Long -- Mental health / Melanie Adams -- Preactivity screening / Wanda Swiger and Melanie Adams -- Prevention methods / Wanda Swiger.</subfield>
  </datafield>
  <datafield tag="650" ind1=" " ind2="0">
   <subfield code="a">Epidemiology.</subfield>
  </datafield>
  <datafield tag="650" ind1=" " ind2="0">
   <subfield code="a">Sports medicine.</subfield>
  </datafield>
  <datafield tag="650" ind1=" " ind2="0">
   <subfield code="a">Athletic Injuries</subfield>
   <subfield code="x">epidemiology.</subfield>
  </datafield>
  <datafield tag="650" ind1=" " ind2="0">
   <subfield code="a">Athletic Injuries</subfield>
   <subfield code="x">prevention &amp; control.</subfield>
  </datafield>
  <datafield tag="650" ind1=" " ind2="0">
   <subfield code="a">Evidence-Based Practice.</subfield>
  </datafield>
  <datafield tag="700" ind1="1" ind2=" ">
   <subfield code="a">Adams, Melanie</subfield>
   <subfield code="d">1970-</subfield>
   <subfield code="e">editor.</subfield>
  </datafield>
  <datafield tag="700" ind1="1" ind2=" ">
   <subfield code="a">Swiger, Wanda</subfield>
   <subfield code="d">1970-</subfield>
   <subfield code="e">editor.</subfield>
  </datafield>
  <datafield tag="905" ind1=" " ind2=" ">
   <subfield code="a">FO</subfield>
  </datafield>
  <datafield tag="852" ind1="0" ind2=" ">
   <subfield code="a">UPD</subfield>
   <subfield code="b">DCHK</subfield>
   <subfield code="h">RD 97</subfield>
   <subfield code="i">E65 2016</subfield>
  </datafield>
  <datafield tag="942" ind1=" " ind2=" ">
   <subfield code="a">Book</subfield>
  </datafield>
 </record>
</collection>
